|
|
|
|
| LEADER |
01315nam a2200325 a 4500 |
| 001 |
17612 |
| 003 |
BD-DhAAL |
| 005 |
20260112105231.0 |
| 008 |
140521s1997 nyu b 001 0 eng |
| 010 |
|
|
|a 97018037
|
| 020 |
|
|
|a 0415915309 (acidfree paper)
|
| 020 |
|
|
|a 0415915317 (pbk. : acidfree paper)
|
| 040 |
|
|
|a DLC
|c DLC
|d DLC
|d BD-DhAAL
|
| 050 |
0 |
0 |
|a PN6069.W65
|b W623 1997
|
| 082 |
|
|
|a 808.8/99287
|2 20
|
| 245 |
0 |
0 |
|a Women imagine change :
|b a global anthology of women's resistance from 600 B.C.E. to present /
|c edited by Eugenia C. DeLamotte, Natania Meeker, and Jean F. O'Barr.
|
| 260 |
|
|
|a New York ;
|a London :
|b Routledge,
|c 1997.
|
| 300 |
|
|
|a xxxiii, 518 pages ;
|c 26 cm.
|
| 504 |
|
|
|a Includes bibliographical references and indexes.
|
| 541 |
|
|
|e 17612
|
| 650 |
|
0 |
|a Literature
|x Women authors.
|9 4608
|
| 650 |
|
0 |
|a Women and literature.
|9 4609
|
| 650 |
|
0 |
|a Feminism and literature.
|9 4610
|
| 700 |
1 |
|
|a DeLamotte, Eugenia C.
|9 4611
|
| 700 |
1 |
|
|a Meeker, Natania.
|9 4612
|
| 700 |
1 |
|
|a O'Barr, Jean F.
|9 4613
|
| 852 |
|
|
|a Ayesha Abed Library
|
| 942 |
|
|
|2 ddc
|c BK
|
| 999 |
|
|
|c 14360
|d 14360
|
| 952 |
|
|
|0 0
|1 0
|2 ddc
|4 0
|6 808_899287000000000_WOM
|7 0
|9 24342
|a BRACUL
|b BRACUL
|c GEN
|d 2014-05-21
|l 0
|o 808.899287 WOM
|p 3010017612
|r 2014-05-21
|t 1
|w 2014-05-21
|y BK
|x Transferred from ENH to Ayesha Abed library on 20/12/2023
|